[Event "Yuzhny op"]
[Site "Yuzhny"]
[Date "2011.09.08"]
[Round "9"]
[White "Rakhmangulova, Anastasiya"]
[Black "Dobrovolskiy, Konstantin"]
[Result "1-0"]
[WhiteElo "2207"]
[BlackElo "1892"]
[PlyCount "59"]
[EventDate "2011.09.03"]
[EventType "swiss"]
[EventRounds "9"]
[EventCountry "UKR"]
[SourceTitle "CBM 144 Extra"]
[Source "ChessBase"]
[SourceDate "2011.10.28"]
[SourceVersion "1"]
[SourceVersionDate "2011.10.28"]
[SourceQuality "1"]

1. e4 e5 2. Bc4 Nf6 3. d3 Bc5 4. Nf3 Nc6 5. Bb3 d6 6. c3 a6 7. 0-0 0-0 8. h3 Ba7 9. Re1 Ne7 10. d4 Ng6 11. Nbd2 c6 12. Nf1 Be6 13. Ng3 Qd7 14. Bg5 Bxb3 15. Qxb3 Ne8 16. Rad1 Qc7 17. Nf5 Kh8 18. Qa3 f6 19. Be3 Ne7 20. dxe5 Bxe3 21. Rxe3 Nxf5 22. exf5 fxe5 23. Rxe5 Rf6 24. Re6 Rxf5 25. Rde1 Nf6 26. Qxd6 Qb6 27. Nd4 Qc5 28. Nxf5 Qxf5 29. Qe5 Qg6 30. Qc7 1-0

[Event "Yuzhny op"]
[Site "Yuzhny"]
[Date "2010.09.07"]
[Round "1"]
[White "Dobrovolskiy, Konstantin"]
[Black "Ianov, Viktor"]
[Result "1/2-1/2"]
[WhiteElo "1863"]
[BlackElo "2380"]
[PlyCount "116"]
[EventDate "2010.09.07"]
[EventType "swiss"]
[EventRounds "9"]
[EventCountry "UKR"]
[SourceTitle "CBM 138 Extra"]
[Source "ChessBase"]
[SourceDate "2010.10.29"]
[SourceVersion "1"]
[SourceVersionDate "2010.10.29"]
[SourceQuality "1"]

1. d4 d6 2. c4 Nf6 3. Nc3 g6 4. e4 Bg7 5. Nf3 0-0 6. Be2 Nbd7 7. 0-0 e5 8. dxe5 dxe5 9. Be3 c6 10. h3 Qe7 11. Qc2 Nh5 12. Rfd1 Nf4 13. Bf1 Nc5 14. b4 Nce6 15. c5 a5 16. a3 f5 17. Qc1 axb4 18. axb4 Rxa1 19. Qxa1 fxe4 20. Nd2 Nd5 21. Qa3 Nxe3 22. fxe3 Ng5 23. Ndxe4 Nxe4 24. Nxe4 Qh4 25. Qb3+ Kh8 26. Nd6 Qf2+ 27. Kh1 e4 28. Nxe4 Qh4 29. Qc4 Be5 30. g3 Qh6 31. Kh2 Bg4 32. Re1 Bf3 33. Qe6 Qh5 34. Bd3 Bxe4 35. Bxe4 Bc3 36. Rg1 Bxb4 37. Qe7 Bxc5 38. Qxb7 Qe5 39. Qxc6 Bxe3 40. Rg2 Kg7 41. Qd5 Qa1 42. Qb7+ Kh6 43. Qb1 Qe5 44. Qd3 Qg5 45. h4 Qc5 46. Rc2 Qa7 47. Rg2 Kg7 48. Rb2 Rf7 49. Qb1 Kh6 50. Rg2 g5 51. Qd3 Qb6 52. Rc2 Kg7 53. h5 Bg1+ 54. Kh1 Bd4 55. Kh2 Rd7 56. Qf3 Rf7 57. Qg4 Bg1+ 58. Kh3 Qe3 1/2-1/2

[Event "Kimry-ch"]
[Site "Kimry"]
[Date "2010.01.05"]
[Round "7"]
[White "Dobrovolskiy, Konstantin"]
[Black "Kudrin, Vladimir1111"]
[Result "1-0"]
[WhiteElo "2196"]
[BlackElo "1929"]
[PlyCount "95"]
[EventDate "2010.01.02"]
[EventType "swiss"]
[EventRounds "9"]
[EventCountry "RUS"]
[SourceTitle "CBM 134 Extra"]
[Source "ChessBase"]
[SourceDate "2010.03.03"]
[SourceVersion "1"]
[SourceVersionDate "2010.03.03"]
[SourceQuality "1"]

1. e4 d6 2. d4 Nf6 3. Nc3 g6 4. Bg5 Bg7 5. f4 Bg4 6. Qd2 0-0 7. h3 Be6 8. 0-0-0 c6 9. e5 dxe5 10. dxe5 Nfd7 11. Nf3 Qe8 12. Nd4 b5 13. Nxe6 fxe6 14. Be2 Qf7 15. Nxb5 cxb5 16. Bf3 Nb6 17. Bxa8 Nxa8 18. g3 h6 19. Bh4 Nb6 20. Qa5 b4 21. Qxb4 Nc6 22. Qe4 Qe8 23. Kb1 Na5 24. Qb4 Nc6 25. Qe4 Na5 26. Qb4 Nc6 27. Qc5 g5 28. fxg5 hxg5 29. Bxg5 Bxe5 30. Bc1 Rf3 31. Rhe1 Rf5 32. Qe3 Nd5 33. Qe4 Nf6 34. Qc4 Kf7 35. g4 Rf3 36. g5 Ng8 37. Rf1 Rxf1 38. Rxf1+ Kg7 39. Qxe6 Qg6 40. Qd5 Qe8 41. Re1 e6 42. Rxe5 exd5 43. Rxe8 Nge7 44. h4 Kf7 45. Rh8 Ng8 46. Rh7+ Ke6 47. h5 Nce7 48. h6 1-0

[Event "Yuzhny op"]
[Site "Yuzhny"]
[Date "2009.09.09"]
[Round "3"]
[White "Dobrovolskiy, Konstantin"]
[Black "Baranov, Jury"]
[Result "0-1"]
[WhiteElo "1867"]
[BlackElo "2163"]
[PlyCount "108"]
[EventDate "2009.09.08"]
[EventType "swiss"]
[EventRounds "9"]
[EventCountry "UKR"]
[SourceTitle "CBM 132 Extra"]
[Source "ChessBase"]
[SourceDate "2009.11.03"]
[SourceVersion "1"]
[SourceVersionDate "2009.11.03"]
[SourceQuality "1"]

1. d4 d5 2. c4 Nc6 3. Nc3 dxc4 4. e3 e5 5. d5 Nce7 6. Bxc4 a6 7. Nf3 Ng6 8. 0-0 Nf6 9. Qa4+ Nd7 10. e4 Bd6 11. Bg5 f6 12. Be3 0-0 13. Qc2 b5 14. Bb3 Kh8 15. a4 b4 16. Ne2 a5 17. Nd2 Nf4 18. Ng3 g6 19. Bc4 h5 20. Rfe1 h4 21. Ne2 Nxe2+ 22. Bxe2 f5 23. exf5 gxf5 24. Bh6 Rf7 25. Nf3 Be7 26. Bc4 Rh7 27. Bd2 e4 28. Nd4 Ne5 29. Nc6 Nxc6 30. dxc6 Bg5 31. Rad1 Bxd2 32. Rxd2 Qg5 33. Qd1 Rg7 34. g3 Ba6 35. Bxa6 Rxa6 36. Rd8+ Kh7 37. Qd5 Rxc6 38. Rf8 Rf6 39. Ra8 Qg4 40. Qd8 hxg3 41. hxg3 Rff7 42. Qh8+ Kg6 43. Rg8 Kf6 44. Rxg7 Qxg7 45. Qh4+ Ke6 46. Qf4 Qxb2 47. Rd1 Qe5 48. Qe3 f4 49. Qc1 fxg3 50. Qc6+ Ke7 51. Rd7+ Kf8 52. Qh6+ Qg7 53. Rd8+ Ke7 54. Qh4+ Qf6 0-1